MYELOLIPÓM NADOBLIČKY - OPIS PRÍPADU A POZNATKY O HISTOGENÉZE A BIOPTICKEJ DIAGNOSTIKE OCHORENIA

Bibliographic Details
Main Authors: Bartoš, Vladimír (Author), Mráz, Roman, 1964- (Author), Zacharová, Oľga (Author), Mikuláš, Juraj (Author)
Format: Article
Language:Slovak

MARC

LEADER 00000nab a2200000 a 4500
001 vtls010737198
003 SK-MaSNL
005 20260304190907.0
008 250709s2012 xo |||||||||||||||||slo|
035 |a (urnnbn)urn:nbn:sk:snk:ar-a05k45 
035 |a (uuid)0997b6cf-4873-4638-8dc2-b33f49d85d3e 
035 |a urn:nbn:sk:snk-ab3yfd 
040 |a SNKBUCL  |b slo  |c SNKBUCL  |e AACR2 
041 0 |a slo 
044 |a xo  |c SK 
100 1 |a Bartoš, Vladimír  |4 aut  |9 358120 
245 1 0 |a MYELOLIPÓM NADOBLIČKY - OPIS PRÍPADU A POZNATKY O HISTOGENÉZE A BIOPTICKEJ DIAGNOSTIKE OCHORENIA  |c Vladimír Bartoš, Roman Mráz, Oľga Zacharová, Juraj Mikuláš 
700 1 |a Mráz, Roman,  |d 1964-  |4 aut  |9 11664 
700 1 |a Zacharová, Oľga  |4 aut  |9 1116572 
700 1 |a Mikuláš, Juraj  |4 aut  |9 931093 
773 0 |t Klinická urológia  |g Roč. 8, č. 2-3 (2012), s. 98-100 
850 |a Slovenská národná knižnica 
852 |a Slovenská národná knižnica 
954 |a odborná, vedecká literatúra pôvodná (slovenská)  |2 lita 
958 |a article1 
958 |a OND 
958 |a EUIPO 
999 |c 3051721  |d 3053651